[Event "Parsvnath Commonwealth ch 2010"]
[Site "Nueva Delhi IND"]
[Date "2010.05.12"]
[Round "4.17"]
[White "Adhiban, B."]
[Black "Prasanna, Rao"]
[Result "1-0"]
[WhiteElo "2510"]
[BlackElo "2309"]
[PlyCount "65"]
[EventDate "2010.05.10"]
[EventType "swiss"]
[EventRounds "11"]
[EventCountry "IND"]
[Source "lmi"]
[SourceDate "2010.05.10"]

1. Nf3 Nf6 2. c4 e6 3. d4 b6 4. g3 Bb7 5. Bg2 Be7 6. O-O O-O 7. Re1 d6 8. Nc3
Ne4 9. Ng5 Bxg5 10. Bxg5 Qxg5 11. Nxe4 Bxe4 12. Bxe4 c6 13. Bg2 Qe7 14. b4 a6
15. Rc1 Ra7 16. c5 dxc5 17. bxc5 b5 18. e4 Nd7 19. d5 e5 20. Qd2 Rc8 21. Red1
Nf6 22. d6 Qd8 23. Qc3 Nd7 24. Bh3 Qe8 25. a4 Rb8 26. Rb1 bxa4 27. Bxd7 Rxd7
28. Qxe5 Qd8 29. Rxb8 Qxb8 30. Qa1 h5 31. Qxa4 Qc8 32. h4 Rd8 33. Ra1 1-0

[Event "Parsvnath Commonwealth ch 2010"]
[Site "Nueva Delhi IND"]
[Date "2010.05.12"]
[Round "4.19"]
[White "Abu Sufian, Shakil"]
[Black "Laxman, R.R."]
[Result "1/2-1/2"]
[WhiteElo "2305"]
[BlackElo "2476"]
[PlyCount "139"]
[EventDate "2010.05.10"]
[EventType "swiss"]
[EventRounds "11"]
[EventCountry "IND"]
[Source "lmi"]
[SourceDate "2010.05.10"]

1. e4 e5 2. Nf3 Nc6 3. Bb5 a6 4. Ba4 Nf6 5. O-O Be7 6. Re1 b5 7. Bb3 O-O 8. c3
d6 9. h3 Na5 10. Bc2 c5 11. d4 Qc7 12. Nbd2 cxd4 13. cxd4 Nc6 14. Nb3 a5 15.
Be3 a4 16. Nbd2 Bd7 17. Rc1 Qb7 18. Qe2 Rfe8 19. Bd3 Rab8 20. dxe5 dxe5 21. a3
h6 22. Rc2 Nh5 23. Rec1 Bf8 24. g3 Nf6 25. Bc5 b4 26. Bxf8 Rxf8 27. Nc4 bxa3
28. bxa3 Nd4 29. Nxd4 exd4 30. Nd6 Qb6 31. e5 Ne8 32. Nf5 Bxf5 33. Bxf5 Rb7 34.
Rc6 Qb2 35. Qxb2 Rxb2 36. R1c4 Re2 37. Rxd4 Rxe5 38. Bd3 Re1+ 39. Kg2 Nf6 40.
Rxa4 Rd8 41. Bc4 Rd7 42. Bb3 Re2 43. Ra8+ Kh7 44. Bc2+ g6 45. Rxf6 Rxc2 46. Rf3
Kg7 47. g4 Rdc7 48. Rd8 g5 49. Rdd3 Ra2 50. Rc3 Rxc3 51. Rxc3 Kf6 52. Kf3 Ke5
53. Ke3 Kd5 54. Kf3 Kd4 55. Re3 Kd5 56. Kg3 Ra1 57. Rb3 Ke5 58. Rb5+ Kf6 59.
Rb6+ Kg7 60. Ra6 Ra2 61. Kf3 Ra1 62. Kg3 Ra2 63. a4 Ra3+ 64. Kg2 f6 65. a5 Kg6
66. Ra7 h5 67. Ra8 h4 68. a6 Kg7 69. Ra7+ Kg6 70. Ra8 1/2-1/2

[Event "Parsvnath Commonwealth ch 2010"]
[Site "Nueva Delhi IND"]
[Date "2010.05.12"]
[Round "4.21"]
[White "Deshmukh, Anup"]
[Black "Murshed, Niaz"]
[Result "1/2-1/2"]
[WhiteElo "2301"]
[BlackElo "2426"]
[PlyCount "81"]
[EventDate "2010.05.10"]
[EventType "swiss"]
[EventRounds "11"]
[EventCountry "IND"]
[Source "lmi"]
[SourceDate "2010.05.10"]

1. c4 f5 2. d4 Nf6 3. Nf3 g6 4. g3 Bg7 5. b4 O-O 6. Bb2 c6 7. Qb3 a5 8. a3 axb4
9. axb4 Rxa1 10. Bxa1 Ne4 11. c5+ Kh8 12. Bg2 d6 13. Bb2 Na6 14. O-O Nc7 15.
Nc3 Be6 16. Qc2 Nxc3 17. Bxc3 Bd5 18. Ng5 Bxg2 19. Kxg2 h6 20. Nf3 Nd5 21. Bd2
Nf6 22. Nh4 Kh7 23. f3 e6 24. Kh1 Nd5 25. e4 Ne7 26. Be3 fxe4 27. Qxe4 Nf5 28.
Nxg6 Kxg6 29. g4 dxc5 30. Qxe6+ Kh7 31. gxf5 Qf6 32. bxc5 Qxf5 33. Qxf5+ Rxf5
34. Kg2 Rd5 35. Rb1 Rd7 36. Rb6 Kg8 37. d5 cxd5 38. Bxh6 Be5 39. f4 Bd4 40. c6
bxc6 41. Rxc6 1/2-1/2

[Event "Parsvnath Commonwealth ch 2010"]
[Site "Nueva Delhi IND"]
[Date "2010.05.12"]
[Round "4.23"]
[White "Gomes, Mary Ann"]
[Black "Grover, Sahaj"]
[Result "1/2-1/2"]
[WhiteElo "2280"]
[BlackElo "2416"]
[PlyCount "70"]
[EventDate "2010.05.10"]
[EventType "swiss"]
[EventRounds "11"]
[EventCountry "IND"]
[Source "lmi"]
[SourceDate "2010.05.10"]

1. Nf3 c5 2. g3 Nc6 3. Bg2 e5 4. c4 g6 5. Nc3 Bg7 6. d3 Nge7 7. O-O O-O 8. e4
d6 9. h3 a6 10. Be3 Rb8 11. Qd2 Nd4 12. Nh4 b5 13. b3 Be6 14. Rae1 f5 15. exf5
Ndxf5 16. Nxf5 Nxf5 17. Nd5 Qd7 18. Kh2 Kh8 19. Qa5 Ne7 20. Nxe7 Qxe7 21. Qxa6
b4 22. Qc6 Bd7 23. Bg5 Bf6 24. Bxf6+ Rxf6 25. Qe4 Rbf8 26. f4 Re6 27. Qb7 exf4
28. Rxe6 Qxe6 29. Rxf4 Rxf4 30. gxf4 Be8 31. Qe4 Bf7 32. Kg3 Kg7 33. Qxe6 Bxe6
34. h4 Bf5 35. Be4 Kh6 1/2-1/2

[Event "Parsvnath Commonwealth ch 2010"]
[Site "Nueva Delhi IND"]
[Date "2010.05.12"]
[Round "4.25"]
[White "Swayams, Mishra"]
[Black "Nadig, Kruttika"]
[Result "1-0"]
[WhiteElo "2397"]
[BlackElo "2236"]
[PlyCount "153"]
[EventDate "2010.05.10"]
[EventType "swiss"]
[EventRounds "11"]
[EventCountry "IND"]
[Source "lmi"]
[SourceDate "2010.05.10"]

1. d4 d5 2. Nf3 Nf6 3. c4 c6 4. Nc3 dxc4 5. e3 b5 6. a4 b4 7. Na2 e6 8. Bxc4
Be7 9. O-O O-O 10. Bd2 a5 11. Nc1 c5 12. Nb3 Ne4 13. Bd3 Nxd2 14. Qxd2 cxd4 15.
Be4 Ra6 16. Nbxd4 Bf6 17. Qc2 g6 18. Nb5 Qe7 19. Rac1 Bb7 20. Nfd4 Bxd4 21.
Nxd4 Bxe4 22. Qxe4 Qd7 23. b3 Rc8 24. h4 h5 25. Qe5 Qd8 26. Qb5 Ra7 27. g3 Rxc1
28. Rxc1 Rc7 29. Rd1 Rd7 30. Rd2 Rd5 31. Qb7 e5 32. Rc2 Rd7 33. Rc8 Rxb7 34.
Rxd8+ Kg7 35. Nb5 Nd7 36. Nd6 Ra7 37. Rc8 f5 38. Rc6 e4 39. Nb5 Rb7 40. Nd4 Ra7
41. Kg2 Ne5 42. Rb6 Nd3 43. Ne6+ Kf7 44. Rb7+ Rxb7 45. Nd8+ Ke7 46. Nxb7 Nc1
47. Nxa5 Kd7 48. Kf1 Kc7 49. Ke1 Nd3+ 50. Ke2 Nc1+ 51. Kd2 Nd3 52. f3 Nc5 53.
Ke2 Nd3 54. fxe4 fxe4 55. Kf1 Nc1 56. Kg2 Nd3 57. Nc4 Ne1+ 58. Kf1 Nd3 59. Nd2
Nc5 60. Kg2 Kd6 61. g4 Ke5 62. Kg3 Ne6 63. Nc4+ Kd5 64. Nb6+ Kc6 65. Nc4 Kd5
66. Nd2 Ke5 67. a5 Nc5 68. Nc4+ Kd5 69. Nd2 Ke5 70. Kh3 Kd5 71. Kh2 Ke5 72. Kg3
Kd5 73. gxh5 gxh5 74. Kf4 Nd3+ 75. Kg5 Ne1 76. Kxh5 Ng2 77. Nc4 1-0

[Event "Parsvnath Commonwealth ch 2010"]
[Site "Nueva Delhi IND"]
[Date "2010.05.12"]
[Round "4.26"]
[White "Mohammad, Javed"]
[Black "Shivananda, B.S."]
[Result "0-1"]
[WhiteElo "2246"]
[BlackElo "2387"]
[PlyCount "46"]
[EventDate "2010.05.10"]
[EventType "swiss"]
[EventRounds "11"]
[EventCountry "IND"]
[Source "lmi"]
[SourceDate "2010.05.10"]

1. e4 Nf6 2. Nc3 e5 3. Nf3 Nc6 4. d4 exd4 5. Nxd4 Bb4 6. Nxc6 bxc6 7. Bd3 d5 8.
exd5 cxd5 9. O-O O-O 10. Bg5 c6 11. Qf3 Bd6 12. Rfe1 Rb8 13. Rab1 h6 14. Bxf6
Qxf6 15. Qxf6 gxf6 16. Ne2 c5 17. c3 Re8 18. Ng3 Rxe1+ 19. Rxe1 Be6 20. b3 Kf8
21. Nf5 Be5 22. Nxh6 Bxc3 23. Rc1 Bd2 0-1

[Event "Parsvnath Commonwealth ch 2010"]
[Site "Nueva Delhi IND"]
[Date "2010.05.12"]
[Round "4.32"]
[White "Pujari, Rucha"]
[Black "Suvrajit, Saha"]
[Result "0-1"]
[WhiteElo "2093"]
[BlackElo "2380"]
[PlyCount "80"]
[EventDate "2010.05.10"]
[EventType "swiss"]
[EventRounds "11"]
[EventCountry "IND"]
[Source "lmi"]
[SourceDate "2010.05.10"]

1. e4 c5 2. Nc3 Nc6 3. f4 g6 4. Nf3 Bg7 5. Bb5 Nd4 6. O-O e6 7. d3 Ne7 8. Nxd4
cxd4 9. Ne2 Qa5 10. Bc4 d5 11. Bb3 dxe4 12. dxe4 Qc5 13. Kh1 O-O 14. Bd2 Bd7
15. c3 dxc3 16. Bxc3 Bb5 17. Rf3 Rfd8 18. Qe1 Rd3 19. Rxd3 Bxd3 20. Bxg7 Kxg7
21. Ng3 Rc8 22. Rd1 Bb5 23. h3 b6 24. Kh2 a5 25. Rd2 Qc1 26. Qf2 a4 27. Bd1 Rc5
28. Qd4+ e5 29. fxe5 Nc6 30. Qf2 Rxe5 31. Rd7 Ne7 32. Rd6 Qg5 33. Rxb6 h5 34.
Bf3 h4 35. Ne2 Bxe2 36. Bxe2 Rxe4 37. Kg1 Qc1+ 38. Kh2 Qc7+ 39. Kh1 Nf5 40. Bf1
Rf4 0-1

[Event "Parsvnath Commonwealth ch 2010"]
[Site "Nueva Delhi IND"]
[Date "2010.05.12"]
[Round "4.33"]
[White "Ramnath Bhuvanesh.R"]
[Black "Saranya, J."]
[Result "1-0"]
[WhiteElo "2350"]
[BlackElo "2119"]
[PlyCount "61"]
[EventDate "2010.05.10"]
[EventType "swiss"]
[EventRounds "11"]
[EventCountry "IND"]
[Source "lmi"]
[SourceDate "2010.05.10"]

1. e4 c5 2. Nf3 d6 3. d4 cxd4 4. Nxd4 Nf6 5. Nc3 a6 6. Bc4 e6 7. Bb3 b5 8. O-O
Be7 9. Qf3 Qc7 10. Qg3 Nc6 11. Nxc6 Qxc6 12. Re1 O-O 13. Bh6 Ne8 14. Nd5 Bd8
15. Re3 Kh8 16. Bg5 Bxg5 17. Qxg5 Rb8 18. Qe7 Kg8 19. Qxe6 Qc5 20. Qe7 Be6 21.
Rd1 Bxd5 22. Rxd5 Qc6 23. Rf5 Rb7 24. Qh4 a5 25. c3 Rd7 26. Rh3 h6 27. Rhf3 a4
28. Be6 Ra7 29. Rxf7 Raxf7 30. Rxf7 Rxf7 31. Qe7 1-0

[Event "Parsvnath Commonwealth ch 2010"]
[Site "Nueva Delhi IND"]
[Date "2010.05.12"]
[Round "4.34"]
[White "Sahu, Vikramaditya"]
[Black "Stany, G.A."]
[Result "0-1"]
[WhiteElo "2105"]
[BlackElo "2330"]
[PlyCount "74"]
[EventDate "2010.05.10"]
[EventType "swiss"]
[EventRounds "11"]
[EventCountry "IND"]
[Source "lmi"]
[SourceDate "2010.05.10"]

1. d4 Nf6 2. c4 e6 3. Nf3 b6 4. e3 Bb7 5. Bd3 Bb4+ 6. Nbd2 c5 7. O-O cxd4 8.
exd4 O-O 9. a3 Be7 10. b3 d5 11. Bb2 Nc6 12. Re1 Rc8 13. Qe2 h6 14. Rad1 Qd6
15. Ne5 dxc4 16. Ndxc4 Qc7 17. d5 Nxd5 18. Nxf7 Rxf7 19. Bg6 Nd8 20. Bxf7+ Kxf7
21. Qh5+ Kf8 22. Bxg7+ Kxg7 23. Ne5 Bg5 24. h4 Bf4 25. Qg4+ Kh7 26. Qg6+ Kh8
27. Qe8+ Kg7 28. Qg6+ Kf8 29. Rxd5 Bxd5 30. Qf6+ Kg8 31. Qxf4 Qg7 32. Ng4 Kh8
33. Re5 Nf7 34. Rh5 e5 35. Qf5 Rg8 36. f3 Bxb3 37. Qd3 Be6 0-1

[Event "Parsvnath Commonwealth ch 2010"]
[Site "Nueva Delhi IND"]
[Date "2010.05.12"]
[Round "4.35"]
[White "Mithil, Ajgaonkar"]
[Black "Mohota, Nisha"]
[Result "1/2-1/2"]
[WhiteElo "2079"]
[BlackElo "2311"]
[PlyCount "94"]
[EventDate "2010.05.10"]
[EventType "swiss"]
[EventRounds "11"]
[EventCountry "IND"]
[Source "lmi"]
[SourceDate "2010.05.10"]

1. d4 d6 2. c4 g6 3. g3 Bg7 4. Bg2 c5 5. dxc5 Qa5+ 6. Bd2 Qxc5 7. Nc3 Nf6 8. b3
O-O 9. Nf3 Nc6 10. O-O Qh5 11. h4 h6 12. Rc1 Bg4 13. Be3 Qa5 14. Qd2 Kh7 15.
Rfd1 Rfd8 16. Nd5 Qxd2 17. Nxf6+ Bxf6 18. Rxd2 a5 19. Nd4 Rdc8 20. a3 Bd7 21.
Nb5 Be6 22. Rdc2 Bg7 23. Be4 f5 24. Bd5 Bg8 25. Bb6 Ra6 26. Be3 Bf6 27. Bg2 Kg7
28. f4 Raa8 29. Bf3 Bf7 30. Kg2 Rab8 31. Bb6 g5 32. hxg5 hxg5 33. Kf2 Rh8 34.
Rh1 Rxh1 35. Bxh1 Rh8 36. Rc1 Bb2 37. Rb1 Bf6 38. Bf3 a4 39. bxa4 Bxc4 40. Rc1
d5 41. Nc7 Bb2 42. Rb1 Bxa3 43. Nxd5 gxf4 44. gxf4 Rh2+ 45. Kg3 Rh6 46. Ne3 Be6
47. a5 Nxa5 1/2-1/2

[Event "Parsvnath Commonwealth ch 2010"]
[Site "Nueva Delhi IND"]
[Date "2010.05.12"]
[Round "4.36"]
[White "Roop, Saurav"]
[Black "Bitan, Banerjee"]
[Result "0-1"]
[WhiteElo "2043"]
[BlackElo "2311"]
[PlyCount "74"]
[EventDate "2010.05.10"]
[EventType "swiss"]
[EventRounds "11"]
[EventCountry "IND"]
[Source "lmi"]
[SourceDate "2010.05.10"]

1. e4 e6 2. d4 d5 3. e5 c5 4. c3 Nc6 5. Nf3 Qb6 6. a3 Nh6 7. b4 cxd4 8. cxd4
Nf5 9. Bb2 Bd7 10. Be2 Be7 11. O-O Rc8 12. Qd2 O-O 13. Rd1 a6 14. Nc3 Na7 15.
Rac1 a5 16. bxa5 Qxa5 17. Bd3 Rc6 18. g4 Nh4 19. Nxh4 Bxh4 20. g5 Qd8 21. f4 h6
22. gxh6 g6 23. Qe2 Rb6 24. Rc2 Kh7 25. Bc1 Rb3 26. Kh1 Be7 27. Rg1 Rg8 28. Rg3
Kh8 29. Qg4 Qb6 30. h4 Qxd4 31. Ne2 Qf2 32. h5 Rxd3 33. Rxd3 gxh5 34. Qf3 Qh4+
35. Qh3 Qe1+ 36. Kh2 Rg4 37. Re3 Qf2+ 0-1

[Event "Parsvnath Commonwealth ch 2010"]
[Site "Nueva Delhi IND"]
[Date "2010.05.12"]
[Round "4.37"]
[White "Mohana, Priya J"]
[Black "Agaragimov, Djakhangir"]
[Result "0-1"]
[WhiteElo "2008"]
[BlackElo "2304"]
[PlyCount "66"]
[EventDate "2010.05.10"]
[EventType "swiss"]
[EventRounds "11"]
[EventCountry "IND"]
[Source "lmi"]
[SourceDate "2010.05.10"]

1. d4 d6 2. c4 e5 3. Nc3 exd4 4. Qxd4 Nc6 5. Qe4+ Be6 6. e3 Nf6 7. Qc2 g6 8.
Nf3 Bg7 9. Be2 O-O 10. O-O Re8 11. Rd1 Nd7 12. Nd4 Nxd4 13. exd4 Bf5 14. Qb3
Rb8 15. Be3 Nf6 16. h3 h5 17. Bf3 Ne4 18. Nd5 c6 19. Nf4 Qh4 20. Bxe4 Rxe4 21.
Qa3 Rd8 22. g3 Qe7 23. Kh2 a6 24. Qa5 Re8 25. Re1 Bxd4 26. Nxh5 Bxe3 27. Rxe3
Rxe3 28. fxe3 b6 29. Qxb6 gxh5 30. Rf1 Bg6 31. Qxa6 Qxe3 32. Qxc6 Qd2+ 33. Kg1
Qd4+ 0-1

[Event "Parsvnath Commonwealth ch 2010"]
[Site "Nueva Delhi IND"]
[Date "2010.05.12"]
[Round "4.38"]
[White "Minhazuddin, Ahmed"]
[Black "Devangi, Patankar"]
[Result "1-0"]
[WhiteElo "2304"]
[BlackElo "2114"]
[PlyCount "61"]
[EventDate "2010.05.10"]
[EventType "swiss"]
[EventRounds "11"]
[EventCountry "IND"]
[Source "lmi"]
[SourceDate "2010.05.10"]

1. e4 e6 2. d4 d5 3. Nd2 Nf6 4. e5 Nfd7 5. Bd3 c5 6. c3 Nc6 7. Ne2 cxd4 8. cxd4
f6 9. exf6 Nxf6 10. O-O Qc7 11. Nf3 Bd6 12. Bg5 O-O 13. Rc1 h6 14. Bh4 Nh5 15.
Bb1 Rxf3 16. gxf3 Bxh2+ 17. Kg2 Nf4+ 18. Nxf4 Qxf4 19. Bg3 Bxg3 20. fxg3 Qf6
21. Qd3 Bd7 22. Rfd1 Rf8 23. Rc3 Be8 24. b4 a6 25. a3 Bh5 26. Rh1 Be8 27. Rh4
Ne7 28. Qh7+ Kf7 29. Rf4 Nf5 30. Rc7+ Bd7 31. Bxf5 1-0

[Event "Parsvnath Commonwealth ch 2010"]
[Site "Nueva Delhi IND"]
[Date "2010.05.12"]
[Round "5.3"]
[White "Harika, Dronavalli"]
[Black "Maletin, Pavel"]
[Result "0-1"]
[WhiteElo "2491"]
[BlackElo "2584"]
[PlyCount "100"]
[EventDate "2010.05.10"]
[EventType "swiss"]
[EventRounds "11"]
[EventCountry "IND"]
[Source "lmi"]
[SourceDate "2010.05.10"]

1. Nf3 Nf6 2. c4 c6 3. e3 g6 4. Nc3 Bg7 5. d4 O-O 6. Be2 d6 7. O-O a6 8. d5 b5
9. dxc6 bxc4 10. Bxc4 Nxc6 11. e4 Rb8 12. Rb1 a5 13. h3 Nd7 14. Be3 Nc5 15. Nd4
Ne5 16. Bb5 Bb7 17. f4 Ned7 18. Nc6 Bxc6 19. Bxc6 Bxc3 20. bxc3 Qc7 21. Bxd7
Nxd7 22. Qd4 Qc6 23. Rfd1 Nc5 24. Qd5 Qxd5 25. exd5 Ne4 26. Bd4 Rfc8 27. Kh2 f5
28. Rb3 Rxb3 29. axb3 Rb8 30. Ra1 Rxb3 31. Rxa5 Nxc3 32. Ra8+ Kf7 33. Rh8 Nxd5
34. Rxh7+ Ke6 35. g3 Rb4 36. Bh8 Rb8 37. Bd4 Rb4 38. Bh8 Nf6 39. Bxf6 Kxf6 40.
Kg2 Rb2+ 41. Kf3 e5 42. fxe5+ dxe5 43. g4 e4+ 44. Ke3 Rb3+ 45. Kd4 Rd3+ 46. Kc4
f4 47. h4 f3 48. g5+ Kf5 49. Rf7+ Kg4 50. Re7 Re3 0-1

[Event "Parsvnath Commonwealth ch 2010"]
[Site "Nueva Delhi IND"]
[Date "2010.05.12"]
[Round "5.5"]
[White "Bakre, Tejas"]
[Black "Kokarev, Dmitry"]
[Result "1/2-1/2"]
[WhiteElo "2483"]
[BlackElo "2612"]
[PlyCount "41"]
[EventDate "2010.05.10"]
[EventType "swiss"]
[EventRounds "11"]
[EventCountry "IND"]
[Source "lmi"]
[SourceDate "2010.05.10"]

1. Nf3 c5 2. c4 g6 3. e4 Bg7 4. d4 cxd4 5. Nxd4 Nf6 6. Nc3 O-O 7. Be2 Nc6 8.
Be3 b6 9. O-O Bb7 10. Nxc6 Bxc6 11. f3 e6 12. Qd2 d5 13. exd5 exd5 14. Rad1 Qe7
15. cxd5 Nxd5 16. Nxd5 Bxd5 17. Bg5 Qc5+ 18. Be3 Qe7 19. Bg5 Qc5+ 20. Be3 Qe7
21. Bg5 1/2-1/2

[Event "Parsvnath Commonwealth ch 2010"]
[Site "Nueva Delhi IND"]
[Date "2010.05.12"]
[Round "5.6"]
[White "Safarli, Eltaj"]
[Black "Venkatesh, M.R."]
[Result "1/2-1/2"]
[WhiteElo "2610"]
[BlackElo "2452"]
[PlyCount "132"]
[EventDate "2010.05.10"]
[EventType "swiss"]
[EventRounds "11"]
[EventCountry "IND"]
[Source "lmi"]
[SourceDate "2010.05.10"]

1. e4 e5 2. Nf3 Nc6 3. Bb5 Nge7 4. c3 d5 5. Nxe5 dxe4 6. Qe2 Qd5 7. Nxc6 Nxc6
8. d4 Be6 9. Bf4 O-O-O 10. Nd2 a6 11. Bc4 Qf5 12. Bxe6+ Qxe6 13. Nxe4 Qf5 14.
Bd2 Re8 15. f3 Qd7 16. g4 h5 17. g5 f5 18. gxf6 gxf6 19. Be3 Bg7 20. O-O-O f5
21. d5 Nd8 22. Nc5 Qd6 23. Nd3 f4 24. Qg2 fxe3 25. Qxg7 Qxd5 26. Nf4 Qxf3 27.
Ng6 e2 28. Nxh8 Qf4+ 29. Kb1 Qf5+ 30. Ka1 exd1=Q+ 31. Rxd1 Qc2 32. Qd7+ Kb8 33.
Nf7 Qxd1+ 34. Qxd1 Nxf7 35. a3 Re5 36. Qd4 Rf5 37. Qd7 Nd6 38. Qd8+ Nc8 39. Qe8
b6 40. h4 a5 41. Ka2 Rc5 42. b4 axb4 43. cxb4 Rd5 44. Kb3 Kb7 45. Qe4 c6 46. a4
Kc7 47. b5 Rc5 48. Qh7+ Kd6 49. Qg6+ Kc7 50. Qf7+ Kd6 51. Qf6+ Kc7 52. Qf7+ Kd6
53. Qf6+ Kd7 54. Qg7+ Kd6 55. Kb4 cxb5 56. axb5 Ke6 57. Qg8+ Ke7 58. Qh7+ Ke6
59. Qe4+ Kd7 60. Qb7+ Ke6 61. Qe4+ Kd7 62. Qh7+ Ke6 63. Qg6+ Ke7 64. Qg7+ Ke6
65. Qg8+ Ke7 66. Qg7+ Ke6 1/2-1/2

[Event "Parsvnath Commonwealth ch 2010"]
[Site "Nueva Delhi IND"]
[Date "2010.05.12"]
[Round "5.8"]
[White "Konguvel, Ponnuswamy"]
[Black "Khusnutdinov, Rustam"]
[Result "1-0"]
[WhiteElo "2412"]
[BlackElo "2525"]
[PlyCount "53"]
[EventDate "2010.05.10"]
[EventType "swiss"]
[EventRounds "11"]
[EventCountry "IND"]
[Source "lmi"]
[SourceDate "2010.05.10"]

1. e4 Nf6 2. e5 Nd5 3. d4 d6 4. Nf3 dxe5 5. Nxe5 c6 6. Be2 Nd7 7. Nf3 g6 8. c4
Nc7 9. Nc3 Bg7 10. O-O O-O 11. Re1 Nf6 12. h3 Nfe8 13. Bf1 Nd6 14. Bf4 Nf5 15.
g4 Nd6 16. Qd2 b6 17. b3 Bb7 18. Rad1 Ne6 19. Be5 f6 20. Bxd6 Qxd6 21. c5 Nxc5
22. dxc5 Qxc5 23. Na4 Qa3 24. Qd7 Bc8 25. Qxe7 Qxa2 26. Bc4+ Kh8 27. Re2 1-0

[Event "Parsvnath Commonwealth ch 2010"]
[Site "Nueva Delhi IND"]
[Date "2010.05.12"]
[Round "5.9"]
[White "Iuldachev, Saidali"]
[Black "Swayams, Mishra"]
[Result "1-0"]
[WhiteElo "2511"]
[BlackElo "2397"]
[PlyCount "101"]
[EventDate "2010.05.10"]
[EventType "swiss"]
[EventRounds "11"]
[EventCountry "IND"]
[Source "lmi"]
[SourceDate "2010.05.10"]

1. e4 e6 2. d4 d5 3. e5 c5 4. c3 Qb6 5. Nf3 Bd7 6. Na3 cxd4 7. cxd4 Bb4+ 8. Bd2
Nc6 9. Bxb4 Qxb4+ 10. Qd2 a6 11. Bd3 Nge7 12. Nc2 Qxd2+ 13. Kxd2 Na5 14. Ne3
Rc8 15. Rhc1 O-O 16. b4 Nac6 17. Rab1 Na7 18. Rc5 Bb5 19. Rbc1 Bxd3 20. Kxd3
Rc6 21. Nd2 Rfc8 22. Nb3 b6 23. Rxc6 Rxc6 24. a4 Rxc1 25. Nxc1 Nec6 26. Kc3 f6
27. f4 Kf7 28. Ne2 Nc8 29. Nc2 Kg6 30. Kd3 N8a7 31. g4 a5 32. b5 Ne7 33. Ng3
Kf7 34. Ne3 Nac8 35. h4 Ng6 36. Ng2 Nce7 37. f5 Nf8 38. Nf4 g5 39. hxg5 fxg5
40. Nfh5 Ng8 41. Ke3 Nh6 42. Kf3 Ng8 43. Nf1 Nd7 44. fxe6+ Kxe6 45. Ng7+ Ke7
46. Ne3 Kf8 47. Ngf5 Ne7 48. Nxe7 Kxe7 49. Nxd5+ Kf7 50. Ke4 Kg6 51. e6 1-0

[Event "Parsvnath Commonwealth ch 2010"]
[Site "Nueva Delhi IND"]
[Date "2010.05.12"]
[Round "5.10"]
[White "Shivananda, B.S."]
[Black "Adhiban, B."]
[Result "1/2-1/2"]
[WhiteElo "2387"]
[BlackElo "2510"]
[PlyCount "108"]
[EventDate "2010.05.10"]
[EventType "swiss"]
[EventRounds "11"]
[EventCountry "IND"]
[Source "lmi"]
[SourceDate "2010.05.10"]

1. e4 c5 2. b4 cxb4 3. a3 bxa3 4. Nxa3 d6 5. d4 g6 6. Bd3 Bg7 7. Ne2 Nc6 8. c3
Nf6 9. O-O O-O 10. Kh1 Rb8 11. f4 a6 12. Nc2 b5 13. Rb1 Bb7 14. Ng3 Rc8 15. Qe1
Na5 16. e5 Nd5 17. Ne4 Nc4 18. Qh4 dxe5 19. f5 Nf6 20. fxg6 fxg6 21. Bg5 Nxe4
22. Bxe4 Bxe4 23. Qxe4 Qd6 24. Qh4 Rxf1+ 25. Rxf1 Rf8 26. Re1 Rf7 27. h3 a5 28.
Qe4 h6 29. Bh4 Qe6 30. Qb7 Nd6 31. Qa8+ Rf8 32. Qxa5 Nf5 33. Bf2 Qb3 34. Ne3
Nd6 35. Bg1 exd4 36. cxd4 Ne4 37. Qb6 Kh7 38. Ng4 Ng3+ 39. Kh2 Nf1+ 40. Kh1
Ng3+ 41. Kh2 Nf5 42. Qc7 Qc4 43. Qa7 Qc3 44. Rxe7 Qg3+ 45. Kh1 Nxe7 46. Qxe7
Rf1 47. d5 h5 48. Nh2 Rd1 49. Nf3 Rxd5 50. Bd4 Rxd4 51. Ng5+ Kh6 52. Nf7+ Kh7
53. Ng5+ Kh6 54. Nf7+ Kh7 1/2-1/2

[Event "Parsvnath Commonwealth ch 2010"]
[Site "Nueva Delhi IND"]
[Date "2010.05.12"]
[Round "5.11"]
[White "Dzhumaev, Marat"]
[Black "Priyadharshan, K."]
[Result "0-1"]
[WhiteElo "2495"]
[BlackElo "2362"]
[PlyCount "94"]
[EventDate "2010.05.10"]
[EventType "swiss"]
[EventRounds "11"]
[EventCountry "IND"]
[Source "lmi"]
[SourceDate "2010.05.10"]

1. e4 e5 2. Nf3 Nc6 3. Bb5 Nf6 4. O-O Nxe4 5. d4 Nd6 6. Bxc6 dxc6 7. dxe5 Nf5
8. Qxd8+ Kxd8 9. Nc3 a5 10. b3 h6 11. h3 Bd7 12. Bb2 Kc8 13. Rad1 Be7 14. Ne2
h5 15. Bc1 c5 16. Nf4 Nh4 17. Ne1 a4 18. Ned3 Nf5 19. Nd5 Bf8 20. Bg5 b6 21.
N3f4 axb3 22. axb3 Nd4 23. Ne3 Bb5 24. Rfe1 Kb7 25. Rd2 Re8 26. Nc4 Nc6 27. e6
Bxc4 28. bxc4 Bd6 29. Rdd1 f6 30. Ng6 fxg5 31. Nxh8 Rxh8 32. Rd5 Be7 33. c3 Re8
34. g3 Bf6 35. f4 gxf4 36. gxf4 Bxc3 37. Re4 g6 38. Rg5 Ne7 39. Kf2 Kc6 40. Re2
Rf8 41. Kf3 Bd4 42. Rgg2 Kd6 43. Re4 Nf5 44. Ke2 Rf6 45. Kd3 Ke7 46. Rg5 Ng7
47. Re1 Rxe6 0-1

[Event "Parsvnath Commonwealth ch 2010"]
[Site "Nueva Delhi IND"]
[Date "2010.05.12"]
[Round "5.12"]
[White "Nitin, S."]
[Black "Lalith, Babu M.R"]
[Result "1/2-1/2"]
[WhiteElo "2363"]
[BlackElo "2493"]
[PlyCount "111"]
[EventDate "2010.05.10"]
[EventType "swiss"]
[EventRounds "11"]
[EventCountry "IND"]
[Source "lmi"]
[SourceDate "2010.05.10"]

1. e4 c6 2. d4 d5 3. Nc3 dxe4 4. Nxe4 Bf5 5. Ng3 Bg6 6. N1e2 e6 7. Nf4 Qc7 8.
h4 Bd6 9. Nxg6 hxg6 10. Ne4 Bf4 11. g3 Bxc1 12. Qxc1 Ne7 13. Qe3 Nf5 14. Qa3
Nd7 15. O-O-O Nf6 16. Bg2 a6 17. Rd3 O-O-O 18. Rhd1 Nxe4 19. Bxe4 Nd6 20. Bf3
Rd7 21. Qc5 Rhd8 22. Kb1 Kb8 23. a4 Nf5 24. Be4 Rd6 25. f4 Qd7 26. Bxf5 gxf5
27. b3 Rd5 28. Qb6 Qe7 29. Ka2 f6 30. R1d2 g6 31. Rd1 Qe8 32. Qb4 R8d7 33. Qe1
Re7 34. Qb4 Qd8 35. Qe1 Qc7 36. Re3 Rd6 37. Red3 c5 38. dxc5 Rxd3 39. Rxd3 Qxc5
40. Qd2 e5 41. Rd5 Qc7 42. Rd8+ Ka7 43. Rd6 Qc5 44. Rd5 Qc6 45. Rd6 Qc5 46. Rd5
Qc8 47. Rd8 Qc7 48. Rd6 e4 49. Qd4+ b6 50. c4 Qc5 51. Rd7+ Rxd7 52. Qxd7+ Kb8
53. Qd8+ Kb7 54. Qd7+ Qc7 55. Qd5+ Ka7 56. Qd4 1/2-1/2

[Event "Parsvnath Commonwealth ch 2010"]
[Site "Nueva Delhi IND"]
[Date "2010.05.12"]
[Round "5.13"]
[White "Kunte, Abhijit"]
[Black "Shyam, Nikil P"]
[Result "1-0"]
[WhiteElo "2523"]
[BlackElo "2385"]
[PlyCount "61"]
[EventDate "2010.05.10"]
[EventType "swiss"]
[EventRounds "11"]
[EventCountry "IND"]
[Source "lmi"]
[SourceDate "2010.05.10"]

1. Nf3 c5 2. b3 Nc6 3. Bb2 Nf6 4. e3 e6 5. d4 b6 6. Bd3 cxd4 7. exd4 Bb7 8. a3
Be7 9. O-O O-O 10. Nbd2 Nd5 11. Re1 f5 12. c4 Nf4 13. Bf1 Bf6 14. g3 Ng6 15.
Bg2 Qc7 16. Nb1 Rae8 17. Nc3 Qb8 18. d5 Na5 19. Rb1 e5 20. Nd2 Bc8 21. b4 Nb7
22. c5 e4 23. Nc4 bxc5 24. d6 cxb4 25. Nb5 Nc5 26. Bxf6 Rxf6 27. Nc7 Bb7 28.
Rxb4 Rc8 29. Na5 Rxd6 30. Qxd6 Qxc7 31. Nxb7 1-0